000 00430nam a22001577a 4500
003 PILC
005 20150603092550.0
008 150603b xxu||||| |||| 00| 0 eng d
050 _aT 385
_b.P957 1996
245 _aPrint artist 4.0 /
260 _aUSA :
_bSierra On-Line, Inc.,
_c1996.
300 _avi, 346 pages :
_billustrations ;
_c24 cm.
500 _aIncludes index.
650 _aComputer graphics.
942 _2lcc
_cBK
_kFOR
999 _c284580
_d284580